000 00582nam a22001697a 4500
999 _c61212
_d61212
005 20240108161620.0
008 240108s1949 ru ||||| |||| 00| 0 rus d
041 _arus
080 _a94(37-21)+903.43(37) C-32
100 _aСергеенко, М.Е.
_920428
245 _aПомпеи /
_cМ.Е. Сергеенко.
264 _aМосква-Ленинград :
_bИздательство Академии Наук СССР,
_c1949.
300 _a316 c.:
_bил.;
_c22 см.
653 _a პომპეი
653 _aისტორია
942 _2udc
_cᲬᲘᲒᲜᲘ